000 01257cam a2200349 a 4500
999 _c10438
_d10438
001 4036110
003 GBCCL
005 20241126110732.0
008 981019r20021998waub b 000 0beng
010 _a 98048980
020 _a1576581470 (pbk.)
020 _a9781576581476
040 _aDLC
_cDLC
_dDLC
043 _ae-uk-en
_aa-ii---
050 0 0 _aBV3269.C3
_bB46 1998
082 0 0 _a266.0092
_a266.61092
_bBEN
100 1 _aBenge, Janet,
_d1958-
_917368
245 1 0 _aWilliam Carey :
_bobliged to go /
_cJanet & Geoff Benge.
260 _aSeattle :
_bYWAM,
_c2021, c1998.
300 _a211 p. :
_bmap ;
_c21 cm.
440 0 _aChristian heroes, then & now
_917374
504 _aIncludes bibliographical references (p. 213).
600 1 0 _aCarey, William,
_d1761-1834.
_94777
650 0 _aMissionaries
_zEngland
_xBiography.
_918149
650 0 _aBaptists
_zEngland
_xBiography.
_918150
650 0 _aMissionaries
_zIndia
_xBiography.
_93853
650 0 _aBaptists
_zEngland
_xBiography.
_918150
700 1 _aBenge, Geoff,
_d1954-
_917373
906 _a7
_bcbc
_corignew
_d2
_eocip
_f20
_gy-gencatlg
942 _2ddc
_cBK
_02